| 000 | 00611nam a2200193Ia 4500 | ||
|---|---|---|---|
| 003 | IN-BaIIA | ||
| 008 | 211028s9999 xx 000 0 eng d | ||
| 020 | _a978-0-521-44945-8 | ||
| 040 | _cIIA Library | ||
| 080 |
_a530.145 _bKAP |
||
| 100 |
_aKapusta, Joseph I. _918820 |
||
| 245 | 0 |
_aFinite-temperature field theory _cJoseph I. Kapusta |
|
| 260 |
_aCambridge _bCambridge University Press _c1993 |
||
| 300 | _ax, 219p. | ||
| 490 | _aCambridge monographs on mathematical physics | ||
| 650 | _aNASA Thesaurus | ||
| 650 |
_aQuantum field theory _96197 |
||
| 942 | _cBK | ||
| 999 |
_c11005 _d11005 |
||